La expropiación forzosa / (Record no. 131897)

MARC details
000 -LEADER
campo de control de longitud fija 00711nam a2200193 i 4500
001 - NÚMERO DE CONTROL
campo de control 131897
003 - IDENTIFICADOR DE NÚMERO DE CONTROL
campo de control ES-MaACL
005 - FECHA Y HORA DE LA ÚLTIMA TRANSACCIÓN
campo de control 20250928125144.0
007 - CAMPO FIJO DE DESCRIPCIÓN FÍSICA--INFORMACIÓN GENERAL
campo de control de longitud fija t|
008 - DATOS DE LONGITUD FIJA--INFORMACIÓN GENERAL
campo de control de longitud fija 070214s1953 sp r ||||1| spa d
100 1# - ENTRADA PRINCIPAL--NOMBRE DE PERSONA
Nombre de persona Rodríguez Moro, Nemesio.
9 (RLIN) 98687
245 13 - MENCIÓN DEL TÍTULO
Título La expropiación forzosa /
Mención de responsabilidad, etc. Nemesio Rodríguez Moro ; prólogo del Excmo. Sr. D. Carlos Ruíz del Castillo y Catalán de Ocón.
260 ## - PUBLICACIÓN, DISTRIBUCIÓN, ETC.
Lugar de publicación, distribución, etc. Bilbao :
Nombre del editor, distribuidor, etc. [s. n.],
Fecha de publicación, distribución, etc. 1953. (
Fabricante Imp. Provincial de Vizcaya)
300 ## - DESCRIPCIÓN FÍSICA
Extensión 520 p. ;
Dimensiones 23 cm.
650 #4 - PUNTO DE ACCESO ADICIONAL DE MATERIA--TÉRMINO DE MATERIA
Término de materia o nombre geográfico como elemento de entrada Expropiación forzosa-
Subdivisión geográfica España.
9 (RLIN) 159541
700 1# - ENTRADA AGREGADA--NOMBRE PERSONAL
Nombre de persona Ruiz del Castillo y Catalán de Ocón, Carlos,
Fechas asociadas al nombre 1896-1984
9 (RLIN) 100778
852 ## - LOCALIZACIÓN
Ubicación ES-MaACL
Número de control de estantería C-5798
Sublocalización o colección R.35037
Holdings
Estatus retirado Estado de pérdida Estado de daño No para préstamo Biblioteca de origen Biblioteca actual Ubicación en estantería Fecha de adquisición Fuente de adquisición Total de préstamos Signatura topográfica completa Código de barras Visto por última vez Precio de reemplazo Tipo de ítem Koha
        Biblioteca del Ateneo de Madrid Biblioteca del Ateneo de Madrid Sala Palomar 17/01/2008     C-5798 1137317 23/02/2023 23/02/2023 Libro impreso